000 00608nam a2200241 i 4500
001 C2-0015281
003 PPAK
005 20190630221935.0
008 970202s1982 enk |||| ||||| | eng d
040 _aPPAK
_beng
_cPPAK
_erda
082 0 4 _a997
_223
090 0 0 _a997
_bDOB
_dG
100 1 _aDobson, Christhoper,
_eauthor
245 1 4 _aThe Folklands conflict
264 1 _aLondon :
_bCoronet Books ,
_c1982
300 _a213 pages ;
_c17 cm
336 _2rdacontent
_atext
337 _2rdamedia
_aunmediated
338 _2rdacarrier
_avolume
700 _eauthor
700 _eauthor
942 _ddc
_cB
999 _c3751
_d3751